Etiqueta de registo: 00254nam 2200025 450
001 2229638
003 http://id.bnportugal.gov.pt/bib/catbnp/2229638
010 ## $a978-989-33-8319-3
021 ## $aPT$b552669/25
100 ## $a20251024d2025 m y0pory01030103ba
101 0# $apor
102 ## $aPT
105 ## $aa z 000yy
106 ## $ar
200 1# $aComo viver feliz na terra com a energia vital do universo ao seu ritmo$fNicole Anabela
205 ## $a1ª ed
210 #9 $a[S.l.]$cEuedito,$d2025
215 ## $a75 p.$cil.$d21 cm
675 ## $a615.85(035)$vBN$zpor$3876340
675 ## $a159.923(035)$vBN$zpor$3913621
700 #1 $aAnabela,$bNicole$31970183
801 #0 $aPT$bBN$gRPC
856 41 $uhttp://rnod.bnportugal.gov.pt/ImagesBN/winlibimg.aspx?skey=&doc=2229638&img=215450&save=true
900 ## $aBIBNAC$d20251127
966 ## $lBN$mFGMON$sS.A. 192278 V.$x1
966 ## $lBN$mFGMON$sS.A. 192278 V.-D$x1
971 ## $cisantos$d20251024
972 ## $e0$z0$d20251127$vasantos
973 ## $cmlsousa$d20251118
975 ## $e0$d20251128$viquintas